Rozvojová pomoc Slovenska ako príspevok k trvalo udržateľnému rozvoju krajín tretieho sveta
Realizácia rozvojovej pomoci má ekonomický význam nielen pre krajinu prijímajúcu pomoc, ale aj pre samotných donorov. Jednou z možností je zapojiť do rozvojovej spolupráce podnikateľské subjekty. Vzhľadom na obmedzené finančné kapacity Slovenskej republiky je realizácia efektívnej bilaterálnej rozvo...
Saved in:
| Main Author: | |
|---|---|
| Other Authors: | |
| Format: | Book Chapter |
| Language: | Slovak |
| Subjects: | |
| Tags: |
No Tags, Be the first to tag this record!
|
MARC
| LEADER | 00000nla a2200000 4500 | ||
|---|---|---|---|
| 001 | 0212151 | ||
| 005 | 20220825104933.9 | ||
| 041 | 0 | |a slo | |
| 044 | |a SK | ||
| 245 | 1 | 0 | |a Rozvojová pomoc Slovenska ako príspevok k trvalo udržateľnému rozvoju krajín tretieho sveta |c Zuzana Huliaková, Zdenka Musová |
| 520 | |a Realizácia rozvojovej pomoci má ekonomický význam nielen pre krajinu prijímajúcu pomoc, ale aj pre samotných donorov. Jednou z možností je zapojiť do rozvojovej spolupráce podnikateľské subjekty. Vzhľadom na obmedzené finančné kapacity Slovenskej republiky je realizácia efektívnej bilaterálnej rozvojovej pomoci jednou z možností, ako sa môžeme presadiť na poli silných donorských krajín. | ||
| 610 | 2 | 0 | |a Slovensko |
| 610 | 2 | 0 | |a pomoc rozvojová |
| 610 | 2 | 0 | |a pomoc hospodárska |
| 610 | 2 | 0 | |a pomoc humanitárna |
| 610 | 2 | 0 | |a pomoc medzinárodná |
| 610 | 2 | 0 | |a programy rozvojové |
| 610 | 2 | 0 | |a krajiny rozvojové |
| 610 | 2 | 0 | |a OECD |
| 100 | 1 | |a Huliaková, Zuzana | |
| 700 | 1 | |a Musová, Zdenka | |